00449nam a2200145Ia 4500100002500000650002700025942000700052654001600059245002700075260003900102300000800141546001200149999001700161952012500178 aZbar/ P.B. & others  aElectrical Engineering cBK aelectronics aBasic Electronics 7/e bTata Mc Graw hillaNew Delhic1994 a381 aENGLISH c31400d31400 001040708CRCaCRCEbCRCEc1488 | 23d2023-03-17eglobal booksg135.00l0o p7891r2023-03-17v135.00w2023-03-17yBK